| 000 | 00769nam a2200217Ii 4500 | ||
|---|---|---|---|
| 003 | JO-AjNU | ||
| 008 | 230605s9999||||xx |||||||||||||| ||und|| | ||
| 017 | _a2014/4/1852 | ||
| 020 | _aا | ||
| 040 |
_aJO-AjNU _bara _erda _cJO-AjNU |
||
| 041 | _aara | ||
| 050 | 1 | 4 | _aHE8689.9 2014 |
| 100 | 3 |
_aتاليف الموسى، عصام سليمان, _eauthor _950251 |
|
| 245 | 0 | 0 | _aالإعلام العربي الرقمي والتحديات الراهنة |
| 264 | 3 | 1 | _aعمان: المؤلف، 2014 |
| 300 | _a169ص | ||
| 336 |
_atext _btxt _2rdacontent |
||
| 337 |
_aunmediated _bn _2rdamedia |
||
| 338 |
_avolume _bnc _2rdacarrier |
||
| 650 | 4 |
_aالاعلام - الاتصال الجماهيري - الاحوال السياسية -البلاد العربية _950252 |
|
| 999 |
_aA22124 _c25692 _d25692 |
||